000 00394nam a2200157Ia 4500
008 230711s9999||||xx |||||||||||||| ||und||
041 _aENG
082 _a621.92
_bJO-A
100 _aJohnson N
245 0 _aAutocad the complete reference
250 _a1st
260 _c1991
_aNew Delhi
_bTata McGraw Hill Education Limited
300 _a896
650 _aMechanical Engineering
942 _cBK
999 _c2864
_d2864